Diario Oficial de la Federación Mexicana. (Record no. 5485)

MARC details
000 -CABECERA
campo de control de longitud fija 00983nam a2200241 a 4500
001 - NÚMERO DE CONTROL
campo de control BRCA_5796
005 - FECHA Y HORA DE LA ÚLTIMA TRANSACCIÓN
campo de control 20190320205222.0
008 - DATOS DE LONGITUD FIJA--INFORMACIÓN GENERAL
campo de control de longitud fija 100311c1884----mx-######w---o000-0#spa-#
041 ## - CÓDIGO DE LENGUA
Código de lengua del texto/banda sonora o título independiente spa
044 ## - CÓDIGO DEL PAÍS DE LA ENTIDAD EDITORA/PRODUCTORA
Código MARC del país mx
050 #4 - SIGNATURA TOPOGRÁFICA DE LA BIBLIOTECA DEL CONGRESO
Número de clasificación AP7131
Número de documento/Ítem .D53
-- 1884
245 10 - MENCIÓN DE TÍTULO
Título Diario Oficial de la Federación Mexicana.
Mención de responsabilidad, etc. Secretaria de Hacienda y Crédito Público.
260 ## - PUBLICACIÓN, DISTRIBUCIÓN, ETC.
Lugar de publicación, distribución, etc. México
Nombre del editor, distribuidor, etc. Secretaría de Hacienda y Crédito Público.
Fecha de publicación, distribución, etc. 1884
300 ## - DESCRIPCIÓN FÍSICA
Extensión 10v.
Dimensiones 27 cm.
440 #0 - MENCIÓN DE SERIE/PUNTO DE ACCESO ADICIONAL--TÍTULO
Título Diario Oficial de la Federación
9 (RLIN) 14693
500 ## - NOTA GENERAL
Nota general H83
500 ## - NOTA GENERAL
Nota general Tomo CLXV Núm. 11 1884, Tomo CLXXXVII Núm. 21 1884, Tomo CLXXV Núm. 23 1884,Tomo CLXV Núm. 354 1884, Tomo CLXV Núm. 37 1884, Tomo CLXX Núm. 39 1884, Tomo CLXXXIII Núm. 50 1884 (3 volúmenes)
650 14 - PUNTO DE ACCESO ADICIONAL DE MATERIA--TÉRMINO DE MATERIA
Término de materia o nombre geográfico como elemento de entrada Diario Oficial de la Federación
9 (RLIN) 14693
650 14 - PUNTO DE ACCESO ADICIONAL DE MATERIA--TÉRMINO DE MATERIA
Término de materia o nombre geográfico como elemento de entrada Política
Subdivisión de forma Publicación periódica
Subdivisión geográfica México
9 (RLIN) 14694
710 2# - PUNTO DE ACCESO ADICIONAL--NOMBRE DE ENTIDAD CORPORATIVA
Nombre de entidad corporativa o nombre de jurisdicción como elemento de entrada Secretaria de Hacienda y Crédito Público.
Unidad subordinada Gobierno Federal.
9 (RLIN) 14695
902 ## - CATALOGADOR
Iniciales GFM
942 ## - ELEMENTOS DE PUNTO DE ACCESO ADICIONAL (KOHA)
Fuente del sistema de clasificación o colocación Library of Congress Classification
Tipo de ítem Koha Libros
Holdings
Estado de retiro Estado de pérdida Estado dañado No para préstamo Localización permanente Ubicación/localización actual Fecha de adquisición Número de inventario Total de préstamos Signatura topográfica completa Código de barras Fecha visto por última vez Precio válido a partir de Tipo de ítem Koha
El ejemplar forma parte de la colección y puede ser consultado según las políticas vigentes.       Biblioteca del Museo Franz Mayer (Rogerio Casas-Alatriste) Biblioteca del Museo Franz Mayer (Rogerio Casas-Alatriste) 10/03/2011 H83   AP7131 .D53 1884 (H83) 6235 22/03/2019 22/03/2019 Libros